| 000 | 00454nam a2200181Ia 4500 | ||
|---|---|---|---|
| 001 | 2816 | ||
| 005 | 20260306144835.0 | ||
| 008 | 260306t1973||||xx |||||||||||||| ||spa|| | ||
| 041 | _aESP | ||
| 082 |
_a230.2 _bD89 |
||
| 100 |
_aDonoso Cortés, Juan _eAUT |
||
| 245 | 0 | _aEnsayo sobre el catolicismo, el liberalismo y el socialismo | |
| 260 | _c1973 | ||
| 300 |
_a243 páginas : _c17 cm. |
||
| 650 | _aGEN | ||
| 654 | _aCHU | ||
| 942 |
_cLIB _dJUS _fJUS _2ddc _n |
||
| 999 |
_c2816 _d2816 |
||